| 000 | 00475nam a2200193Ia 4500 | ||
|---|---|---|---|
| 999 |
_c6202 _d6202 |
||
| 003 | 0100 | ||
| 008 | 130227s9999 xx 000 0 und d | ||
| 040 | _cARRUPELIB | ||
| 050 | _aB829.T772 2007 | ||
| 100 |
_aCandler, Peter M. _925395 |
||
| 245 | _aTranscendence and phenomenology | ||
| 260 |
_bSCM Press _aNottingham _c2007 |
||
| 300 | _axxvi | ||
| 300 | _b 534p. 22cm. | ||
| 650 |
_bCatholic church - - - _xLiturgy _911909 |
||
| 650 |
_aLectionary _xShona _934228 |
||
| 942 |
_2lcc _01 _cMONOGRAPH |
||